| 000 | 00565nam a22001457a 4500 | ||
|---|---|---|---|
| 999 |
_c134083 _d134083 |
||
| 005 | 20240513110834.0 | ||
| 008 | 240513b ||||| |||| 00| 0 eng d | ||
| 040 | _cPK-LaUMT | ||
| 082 |
_aAPC 297.4092 _bASH-S |
||
| 100 | _aAshraf Naqashbandi, Muhammad = اشرف نقشبندی، محمد | ||
| 245 |
_aSawaneh hiyat Hazrat Lal Shahbaz Qalandar = سوانح حیات حضرت لعل شہباز قلندر / _cby Muhammad Ashraf Naqashbandi = محمد اشرف نقشبندی |
||
| 260 |
_aLahore : _bShamah Book Agency, _c2001 |
||
| 300 | _a144 p. | ||
| 942 | _cBK | ||